000 00903nam0a22002771 4500
001 rc\2367465
005 20250623053341.0
035 _a(NLR Aleph) 006598567
090 _a7223117
_c7223116
100 _a20110829d1976 |||y0rusy50 ca
101 1 _arus
_clav
102 _aRU
105 _aac z |||||
200 1 _aИзбранная лирика
_f[Пер. с латыш. Людмилы Копыловой
_gХудож. Харий Пурвинь]
210 _aРига
_cЛиесма
_d1976
215 _a167, [6] с.
_cил., портр.
_d15
700 1 _aБарда
_bФ.
_f1880-1919
_gФрицис
702 1 _aКопылова
_bЛ.
_gЛюдмила
_4730
702 1 _aПурвинь
_bХ.
_gХарий
_4440
801 0 _aRU
_bNLR
_gpsbo
801 1 _aRU
_bELAR
_2rusmarc
852 _aNLR
_j77-1/471
899 _aRuMoRGB
_jБ 76-43/888
899 _aRuMoRGB
_jБ 76-43/889
942 _cBOOK
980 _aNB